Countries Without the Letters in "MALAWI" - Statistics

General Stats
  • This quiz has been taken 17 times
    3 since last reset
  • The average score is 3 of 7
Answer Stats
Continents Countries % Correct
Africa Togo
100%
Africa Egypt
50%
Europe Greece
50%
South America Peru
50%
Asia Turkey
50%
Asia Cyprus
0%
Europe Kosovo
0%
No matching quizzes found
Score Distribution
Percent of People with Each Score
Percentile by Number Answered
Your Score History
You have not taken this quiz since the last reset